Hello, My Name Is... 'I' Quiz Stats

 Plays Quiz Updated Oct 13, 2019

Score 0/25 Timer 04:00
18 Plays Today
% Correct
Ian McKellen
84.3%
Idris Elba
75.7%
Iggy Azalea
64.1%
Ingrid Bergman
62.1%
Isla Fisher
52.8%
Ivan Rodriguez
50%
Isaac Hayes
50%
Isabella Rossellini
44.4%
Iman (Zara Mohamed Abdulmajid)
40.3%
Idina Menzel
38%
Isaiah Washington
35.4%
Isiah Thomas
33%
Imelda Staunton
31%
% Correct
Irene Cara
30.6%
Imogen Poots
26.8%
India Arie
26.5%
Iain Glen
24%
Isabelle Huppert
23.6%
Ingmar Bergman
20.9%
Ike Barinholtz
20.3%
Ioan Gruffudd
18.1%
Irina Shayk
16.4%
Irving Berlin
13.3%
Ilana Glazer
10.8%
Ireland Baldwin
7.7%

You're not logged in!

Compare scores with friends on all Sporcle quizzes.
OR
Log In

Sporcle TV

Today on Sporcle TV


Watch our educational content, quiz creation guides, and fun videos on Sporcle TV.

Show Comments

Extras

Top Quizzes Today


Score Distribution

Your Account Isn't Verified!

In order to create a playlist on Sporcle, you need to verify the email address you used during registration. Go to your Sporcle Settings to finish the process.

Report this User

Report this user for behavior that violates our Community Guidelines.

Details: